00623nam a2200193Ia 450000500170000000800410001702000150005808200190007310000160009224500900010826000700019830000110026865000100027965000130028965000110030294200060031395200950031999900150041420241220021332.0240331s9999 xx 000 0 und d a9551334035 bSAR25772a305 aEmmanuel, S 0aDealing with Women's Militancy:bAn Analysis of Feminist Discourses in from Sri Lanka aColombobSocial Policy Analysis and Research Centre (SPARC)c2006 a91 p., aWomen aFeminism aGender cL 001040708LaWERCLbWERCLcSSCd2024-03-31l0o 305 Emmp5772r2024-03-31w2024-03-31yL c2646d2646